Score 0/25 Timer 05:00
2 Plays Today
Piano Player % Correct
Albert Einstein
98.1%
Princes William and Harry
90.2%
Elvis Presley
87%
Richard Nixon
81%
Condoleezza Rice
78.6%
Bob Dylan
74.7%
Hugh Laurie
72.5%
Jamie Foxx
72.4%
Richard Gere
69.4%
Ryan Gosling
67.2%
Johnny Depp
66.5%
Dustin Hoffman
66.2%
Lucille Ball
63.8%
Piano Player % Correct
Pope Benedict XVI
61.7%
Clint Eastwood
61.1%
Fred Rogers
59.8%
Harry Truman
58%
Robert Downey Jr.
54.2%
Jeff Goldblum
52.3%
Chico Marx
37.9%
Bill Walton
25.9%
Simon Helberg
21.4%
Jack Lemmon
14.3%
Kevin Kline
11.9%
William F. Buckley
8.6%

You're not logged in!

Compare scores with friends on all Sporcle quizzes.
OR
Log In

Sporcle TV

Today on Sporcle TV


Watch our educational content, quiz creation guides, and fun videos on Sporcle TV.

Show Comments

Extras

Top Quizzes Today


Score Distribution

Paid Content

Your Account Isn't Verified!

In order to create a playlist on Sporcle, you need to verify the email address you used during registration. Go to your Sporcle Settings to finish the process.

Report this User

Report this user for behavior that violates our Community Guidelines.

Details: